000 00473ntaaa2200181 4500
003 01
005 20251027202930.0
008 0714s1973 ag 01
040 _aAR-BaBN
_bspa
_cAR-BaBN
_eaacr
_dRIC
082 _a922.6000 N55
100 _aNieto, Luis
_914486
245 _aDe las tinieblas a la luz admirable
250 _a1 ed.
260 _aBuenos Aires :
_bEditorial y Librería "La Antorcha",
_c1968
300 _a15 p
500 _aTestimonio personal
942 _cBK
999 _c24583
_d24583